Around and about South America: twenty months of quest and query.

Uloženo v:
Podrobná bibliografie
Hlavní autor: Vincent, Frank
Médium: Kniha
Jazyk:angličtina
Vydáno: New York, USA Kegan Paul, Trench, Trübner & Co. 1890
Témata:
Tagy: Přidat tag
Žádné tagy, Buďte první, kdo vytvoří štítek k tomuto záznamu!

MARC

LEADER 00000nam a2200000 a 4500
001 UCJ4249
003 CL-VaPUC
005 20250227100118.0
008 070124e18900000US |||||||||||||||||eng|d
999 |c 320366  |d 320364 
040 |c Pontificia Universidad Católica de Valparaíso 
082 0 4 |a 910.4 VIN 1890  |2 21 
100 0 |a Vincent, Frank  |9 507538 
245 1 0 |a Around and about South America: twenty months of quest and query. 
246 1 0 |a With maps, plans, and illustrations 
260 0 3 |a New York, USA  |b Kegan Paul, Trench, Trübner & Co.  |c 1890 
300 |a 473 páginas. 
500 |a Front., Pedro II, de Brasil, grabado.- Ilustraciones y mapas de acuerdo con lo señalado en Indices 
583 |a last modification  |c 20070124 00:00:00  |k Rodrigo Vera 
600 0 7 |a PEDRO II DE BRASIL  |2 CL-VaPUC  |9 507539 
600 0 7 |a CACERES, ANDRES AVELINO  |2 CL-VaPUC  |9 443803 
650 0 |a Viajes  |9 257115 
650 0 |a Recursos naturales  |9 255232 
650 0 |a Iconografía   |9 267998 
650 0 |a Aborígenes  |9 329972 
651 0 |a Argentina  |9 254888 
651 0 |a Brasil  |9 267393 
651 0 |a Santiago  |z CHILE  |9 265444 
651 0 |a Bolivia  |9 255454 
651 0 |a Ecuador  |9 258378 
651 0 |a Colombia  |9 256424 
651 0 |a Venezuela  |9 254993 
651 0 |a Perú  |9 256567 
651 7 |a PANAMA  |2 CL-VaPUC  |9 257728 
651 0 |a Valparaíso, Chile  |z CHILE  |9 261144 
942 |c BK  |2 ddc 
945 |d 20070124 00:00:00  |a rinostro 
952 |0 0  |1 0  |2 ddc  |4 0  |6 910_400000000000000_VIN_1890  |7 0  |8 X  |9 398875  |a FDOBUD  |b FDOBUD  |d 2019-11-22  |i 1015877  |o 910.4 VIN 1890  |p 1015877  |r 2019-11-22  |t 1  |w 2019-11-22  |y BK_X  |k BUD